Départements français traversés par le Rhône - Statistiques

Statistiques générales
  • Ce quiz a été pris 219 fois
  • Le résultat moyen est 9 sur 11
Statistiques - réponses
Réponse % Correct
5 Rhône
98%
11 Bouches-du-Rhône
94%
7 Ardèche
88%
8 Drôme
87%
4 Isère
85%
9 Vaucluse
85%
1 Ain
84%
10 Gard
76%
2 Haute-Savoie
76%
6 Loire
74%
3 Savoie
74%
Aucun quiz correspondant
Distribution des résultats
% des personnes avec chaque résultat
Percentile par nombre de réponses
Votre historique - résultats
Vous n’avez pas pris ce quiz